Biochemistry /

書目詳細資料
主要作者: Berg, Jeremy M. (Jeremy Mark), 1958-
其他作者: Tymoczko, John L., 1948-, Stryer, Lubert
格式: 圖書
語言:English
出版: New York ; Houndmills : W.H. Freeman ; Palgrave macmillan, c2012.
版:International Seventh edition.
主題:
Classic Catalogue: View this record in Classic Catalogue
LEADER 02431nam a2200373 a 4500
001 16474399
008 121119s2012 nyua b 001 0 eng d
010 |a  2010937856 
020 |a 9781429276351 
020 |a 1429276355 
020 |a 9781429229364 
020 |a 1429229365 
040 |a DLC  |c DLC  |d BD-DhAAL 
082 0 0 |a 572  |2 22 
100 1 |a Berg, Jeremy M.  |q (Jeremy Mark),  |d 1958-  |9 59075 
245 1 0 |a Biochemistry /  |c Jeremy M. Berg, John L. Tymoczko, Lubert Stryer with Gregory J. Gatto. 
250 |a International Seventh edition. 
260 |a New York ;  |a Houndmills :  |b W.H. Freeman ;  |b Palgrave macmillan,  |c c2012. 
300 |a xxxii, 1054, 43, 41, 48 p. :  |b ill. (some col.) ;  |c 29 cm 
504 |a Includes bibliographical references and index. 
541 |e 0026228 
650 0 |a Biochemistry  |v Textbooks.  |9 14321 
700 1 |a Tymoczko, John L.,  |d 1948-  |9 57799 
700 1 |a Stryer, Lubert. 
852 4 |a Ayesha Abed Library  |c General Stacks  |j   
942 0 0 |0 3  |2 ddc  |c BK 
999 |c 12955  |d 12955 
952 |0 0  |1 0  |4 0  |6 572_000000000000000_BER  |7 0  |9 21413  |a BRACUL  |b BRACUL  |c GEN  |d 2012-11-19  |e Paragon Enterprises  |g 5330.00  |l 18  |m 205  |o 572 BER  |p 3010026228  |r 2025-11-20  |s 2025-10-26  |t 1  |w 2012-11-19  |y BK 
952 |0 0  |1 0  |2 ddc  |4 1  |6 572_000000000000000_BER  |7 0  |9 21414  |a BRACUL  |b BRACUL  |c GEN  |d 2012-11-19  |e Paragon Enterprises  |g 5330.00  |l 20  |m 180  |o 572 BER  |p 3010026229  |r 2023-10-10  |s 2023-10-10  |t 2  |w 2012-11-19  |y BK  |x This book page misse 
952 |0 0  |1 0  |4 0  |6 572_000000000000000_BER  |7 0  |9 21415  |a BRACUL  |b BRACUL  |c GEN  |d 2012-11-19  |e Paragon Enterprises  |g 5330.00  |l 20  |m 201  |o 572 BER  |p 3010026230  |r 2025-07-31  |s 2024-10-28  |t 3  |w 2012-11-19  |y BK 
952 |0 0  |1 0  |2 ddc  |4 1  |6 572_000000000000000_BER  |7 0  |9 21416  |a BRACUL  |b BRACUL  |c SPS  |d 2012-11-19  |e Paragon Enterprises  |g 5330.00  |l 19  |m 180  |o 572 BER  |p 3010026231  |r 2018-11-06  |s 2018-11-06  |t 4  |w 2012-11-19  |y BK  |x Photocopy Book. Declared as Damaged on December 10, 2023 
952 |0 0  |1 0  |4 0  |6 572_000000000000000_BER  |7 0  |9 21417  |a BRACUL  |b BRACUL  |c GEN  |d 2012-11-19  |e Paragon Enterprises  |g 5330.00  |l 16  |m 231  |o 572 BER  |p 3010026232  |r 2023-08-03  |s 2022-06-27  |t 5  |w 2012-11-19  |y BK 
952 |0 0  |1 0  |4 0  |6 572_000000000000000_BER  |7 0  |9 21418  |a BRACUL  |b BRACUL  |c GEN  |d 2012-11-19  |e Paragon Enterprises  |g 5330.00  |l 19  |m 213  |o 572 BER  |p 3010026233  |r 2024-12-09  |s 2024-12-05  |t 6  |w 2012-11-19  |y BK 
952 |0 0  |1 0  |2 ddc  |4 0  |6 572_000000000000000_BER  |7 0  |9 21855  |a JPGSPH  |b JPGSPH  |d 2013-01-21  |e Trim Education  |g 6414.00  |l 0  |o 572 BER  |p 3060026522  |r 2013-01-21  |t 7  |w 2013-01-21  |y BK